| 000 | 00712nab a2200217 a 4500 | ||
|---|---|---|---|
| 005 | 20210219160918.0 | ||
| 008 | 991125s1985 mx 000 0 spa u | ||
| 035 | _aUPN01000175256 | ||
| 100 | 1 | _aMares Miramontes, Andrés | |
| 222 | _aREVISTA MEXICANA DE INVESTIGACION EDUCATIVA | ||
| 245 | _aConcepto y expectativas del docente respecto de sus alumnos considerados con necesidades educativas especiales | ||
| 300 | _a969-996 | ||
| 362 | 0 | _a2009 Vol. 14, no. 43 (3), jul.-sept. | |
| 653 | 0 | _aEXPECTATIVAS DOCENTES | |
| 653 | 0 | _aINTEGRACION ESCOLAR | |
| 653 | 0 | _aNIÑO DISCAPACITADO | |
| 653 | 0 | _aEDUCACION PRIMARIA | |
| 700 | 1 | _aMartínez Llamas, Rodrigo, | |
| 700 | 1 | _ecoaut. | |
| 905 | _aArticulo | ||
| 999 |
_c147360 _d147360 |
||